| 000 | 00464nam a2200193Ia 4500 | ||
|---|---|---|---|
| 005 | 20240823062135.0 | ||
| 008 | 240823s9999||||xx |||||||||||||| ||und|| | ||
| 020 | _a978-93-332-0687-7 | ||
| 041 | _aENGLISH | ||
| 082 | _A004.678 Q7 | ||
| 100 | _aJeyasri Arokiamary V | ||
| 245 | 0 | _aMobile Computing | |
| 250 | _a2nd | ||
| 260 |
_c2017 _bTechnical Publica |
||
| 500 | _aYES | ||
| 650 |
_aMobile Computing _bComputer Science |
||
| 942 | _cBK | ||
| 999 |
_c235180 _d235180 |
||